Developmental games and recreation activities / (Record no. 129082)

MARC details
000 -LEADER
fixed length control field 00783nam a22002417a 4500
005 - DATE AND TIME OF LATEST TRANSACTION
control field 20170124110051.0
010 ## - LIBRARY OF CONGRESS CONTROL NUMBER
LC control number A-539239
020 ## - INTERNATIONAL STANDARD BOOK NUMBER
Terms of availability 00.00
International Standard Book Number 8172160038
035 ## - SYSTEM CONTROL NUMBER
System control number A-539239
037 ## - SOURCE OF ACQUISITION
Source of stock number/acquisition Cen Lib/Ret
040 ## - CATALOGING SOURCE
Original cataloging agency DPL
Language of cataloging EN
082 ## - DEWEY DECIMAL CLASSIFICATION NUMBER
Classification number 796
Item number DHE
100 ## - MAIN ENTRY--PERSONAL NAME
Personal name Dheer, S.
9 (RLIN) 25355
245 ## - TITLE STATEMENT
Title Developmental games and recreation activities /
Statement of responsibility, etc by S. Dheer [and] R. S. Saini
260 ## - PUBLICATION, DISTRIBUTION, ETC. (IMPRINT)
Place of publication, distribution, etc Delhi
Name of publisher, distributor, etc Friends Publication
Date of publication, distribution, etc 1992
270 ## - ADDRESS
City Delhi
Address 6, Mukharji Tower, Commercial Complex, Dr. Mukharji Nagar, Near Batra Cinema
Postal code 110009
300 ## - PHYSICAL DESCRIPTION
Extent vii,239p.
Dimensions 20cm(Hb)
500 ## - GENERAL NOTE
General note Includes index
650 ## - SUBJECT ADDED ENTRY--TOPICAL TERM
Topical term or geographic name as entry element Recreation
9 (RLIN) 25356
650 ## - SUBJECT ADDED ENTRY--TOPICAL TERM
Topical term or geographic name as entry element Educational games -- Evaluation
9 (RLIN) 25357
700 ## - ADDED ENTRY--PERSONAL NAME
Personal name Saini, R. S.
9 (RLIN) 25358
942 ## - ADDED ENTRY ELEMENTS (KOHA)
Source of classification or shelving scheme Dewey Decimal Classification
Koha item type English Books
Classification part 796
Call number suffix DHE
Holdings
Withdrawn status Lost status Damaged status Not for loan Home library Current library Date acquired Source of acquisition Cost, normal purchase price Total Checkouts Full call number Barcode Date last seen Copy number Cost, replacement price Price effective from Koha item type Public note
Withdrawn       Central Library Central Library 04/07/2015 Cen Lib/Ret 0.00   796 DHE A-539239 04/07/2015 1 0.00 04/07/2015 English Books W/d List No. 8131/9; dtd 20.2.2017

© Delhi Public Library
Hit Counter
free hit counter